| 000 | 00718nam a22002177a 4500 | ||
|---|---|---|---|
| 999 |
_c1268 _d1268 |
||
| 003 | AR-CdUCM | ||
| 008 | 190226b ||||| |||| 00| 0 esp d | ||
| 020 | _aISBN | ||
| 040 |
_aMUNICIPALIDAD PROVINCIAL DEL CUSCO _cBIBLIOTECA MUNICIPAL DEL CUSCO |
||
| 082 |
_a869.56 / _bC77 |
||
| 100 |
_aCorcuera Osores, Arturo _94919 |
||
| 245 |
_aNoƩ delirante / _cArturo Corcuera ; ilustraciones Rosamar Corcuera. |
||
| 260 |
_aLima : _bAlfaguara, _c2013. |
||
| 300 |
_a163 paginas ; _c24 cm. |
||
| 505 | _aFabula del caracol -- Caballito del diablo -- La palmera embrujada ... | ||
| 650 |
_aTerrorifico. _94920 |
||
| 650 |
_aBohemia. _91106 |
||
| 650 |
_aBarbudo. _94921 |
||
| 942 |
_2ddc _cLIBROS |
||
| 945 |
_aacrt _d2019-02-26 |
||